Industrial price formation
Gespeichert in:
| 1. Verfasser: | |
|---|---|
| Format: | Buch |
| Sprache: | Englisch |
| Veröffentlicht: |
Amsterdam
North-Holland
1986
|
| Schriftenreihe: | Contributions to economic analysis
158 |
| Schlagworte: | |
| Tags: |
Keine Tags, Fügen Sie das erste Tag hinzu!
|
MARC
| LEADER | 00000nam a2200000 4500 | ||
|---|---|---|---|
| 001 | c100970 | ||
| 005 | 20221123135353.1 | ||
| 020 | |a 0-444-70102-8 | ||
| 041 | 0 | |a eng | |
| 044 | |a NL | ||
| 245 | 1 | 0 | |a Industrial price formation |c C. Zeelenberg |
| 264 | 1 | |a Amsterdam |b North-Holland |c 1986 | |
| 300 | |a 250 s. | ||
| 490 | 1 | |a Contributions to economic analysis |v 158 | |
| 830 | 0 | |a Contributions to economic analysis |v 158 | |
| 610 | 2 | 0 | |a modely ekonometrické |
| 610 | 2 | 0 | |a ceny |
| 610 | 2 | 0 | |a Holandsko |
| 610 | 2 | 0 | |a tvorba cien |
| 610 | 2 | 0 | |a náklady a ceny |
| 610 | 2 | 0 | |a konkurencia |
| 610 | 2 | 0 | |a rovnováha |
| 100 | 1 | |a Zeelenberg, C. | |